| 000 | 01351nam0a22002531 4500 | ||
|---|---|---|---|
| 001 | rc\1134402 | ||
| 005 | 20250622191450.0 | ||
| 035 | _a(NLR Aleph) 006375425 | ||
| 090 |
_a5036650 _c5036650 |
||
| 100 | _a20041126d1986 |||y0rusy50 ca | ||
| 101 | 0 | _arus | |
| 102 | _aRU | ||
| 105 | _aa ||||||||| | ||
| 200 | 1 |
_aСОСТОЯНИЕ и основные направления совершенствования работы по распространению методов труда передовиков производства на предприятиях отрасли _eМетод. разраб. _fИн-т повышения квалификации руководящих работников и специалистов судостроит. пром-сти _g[П.В. Полтаруха] |
|
| 210 |
_aЛ. _cИПК СП _d1986 |
||
| 215 |
_a36 с., [2] л. ил. _d20 |
||
| 320 | _aБиблиогр.: с. 33-35 | ||
| 702 | 1 |
_aПолтаруха _bП.В. _gПавел Владимирович _4220 |
|
| 712 | 0 | 2 |
_aИнститут повышения квалификации руководящих работников и специалистов судостроительной промышленности _cЛенинград |
| 801 | 0 |
_aRU _bNLR _gpsbo |
|
| 801 | 1 |
_aRU _bELAR _2rusmarc |
|
| 852 |
_aNLR _j88-4/4603 |
||
| 942 | _cBOOK | ||
| 980 | _aNB | ||